书目信息 |
| 题名: |
桁式组合拱桥
|
|
| 作者: | 陈天本 编著 | |
| 分册: | ||
| 出版信息: | 北京 人民交通出版社 2001.06 |
|
| 页数: | 205页 | |
| 开本: | 26cm | |
| 丛书名: | 中国现代桥梁技术丛书 | |
| 单 册: | ||
| 中图分类: | U448.22 | |
| 科图分类: | ||
| 主题词: | 桁架桥--Heng Jia Qiao--拱桥 | |
| 电子资源: | ||
| ISBN: | 7-114-03912-3 | |
| 000 | 00993nam 2200253 450 | |
| 001 | CAL 012001429854 | |
| 005 | 20060427112618.84 | |
| 010 | @a7-114-03912-3@dCNY 30.00 | |
| 099 | @aCAL 012001429854 | |
| 100 | @a20010403d2001 ekmy0chiy0121 ea | |
| 101 | 0 | @achi |
| 102 | @aCN@b110000 | |
| 200 | 1 | @a桁式组合拱桥@AHeng Shi Zu He Gong Qiao@f陈天本编著 |
| 210 | @a北京@c人民交通出版社@d2001.06 | |
| 215 | @a205页@c图@d26cm | |
| 225 | 2 | @a中国现代桥梁技术丛书@AZhong Guo Xian Dai Qiao Liang Ji Shu Cong Shu@i拱桥类 |
| 320 | @a有书目 | |
| 330 | @a本书以江界河大桥的设计、施工为主要内容,结合剑河大桥等数座桁式组合拱桥的技术资料,全面介绍了桁式组合拱桥的产生和发展、结构设计、结构计算、施工工艺、测试、模型试验等,重点论述了桁式组合拱桥有别于其它桥型的设计、施工特点。 | |
| 410 | 0 | @12001 @a中国现代桥梁技术丛书@i拱桥类 |
| 606 | 0 | @a桁架桥@AHeng Jia Qiao@x拱桥 |
| 690 | @aU448.22@v4 | |
| 701 | 0 | @a陈天本@AChen Tianben@4编著 |
| 801 | 0 | @aCN@bSEU@c20060427 |
| 905 | @a10447@dU448.22@eC570 | |
| 桁式组合拱桥/陈天本编著.-北京:人民交通出版社,2001.06 |
| 205页:图;26cm.-(中国现代桥梁技术丛书.拱桥类) |
| ISBN 7-114-03912-3:CNY 30.00 |
| 本书以江界河大桥的设计、施工为主要内容,结合剑河大桥等数座桁式组合拱桥的技术资料,全面介绍了桁式组合拱桥的产生和发展、结构设计、结构计算、施工工艺、测试、模型试验等,重点论述了桁式组合拱桥有别于其它桥型的设计、施工特点。 |
| ● |
| 相关链接 |
|
|
|
正题名:桁式组合拱桥
索取号:U448.22/C570
 
预约/预借
| 序号 | 登录号 | 条形码 | 馆藏地/架位号 | 状态 | 备注 |
| 1 | 602066 | 206020660 | 自科库501/501自科库 55排2列2层/ [索取号:U448.22/C570] | 在馆 | |
| 2 | 602067 | 206020679 | 自科库501/501自科库 55排2列2层/ [索取号:U448.22/C570] | 在馆 | |
| 3 | 602068 | 206020688 | 自科库501/501自科库 55排2列2层/ [索取号:U448.22/C570] | 在馆 |